Encyclopedia of pest management /

Bibliographic Details
Other Authors: Pimentel, David, 1925-
Format: Book
Language:English
Published: New York : Marcel Dekker, [2002]-
Subjects:

MARC

Tag First Indicator Second Indicator Subfields
LEADER 00000cam a2200000Ia 4500
001 in00004497921
005 20191203131131.0
008 020520m20029999nyua b 001 0 eng d
010 |a  2003265919 
020 |a 0824706323 
020 |z 0824706320 
035 |a (OCoLC)ocm49829498 
040 |a FNN  |c FNN  |d OCLCQ  |d AGL  |d GZM  |d DLC  |d UtOrBLW  |d TMV 
049 |a TMVM 
060 4 |a SB 950.7  |b E563 
245 0 0 |a Encyclopedia of pest management /  |c edited by David Pimentel. 
264 1 |a New York :  |b Marcel Dekker,  |c [2002]- 
264 4 |c ©2002 
300 |a volumes :  |b illustrations ;  |c 29 cm. 
336 |a text  |2 rdacontent  |b txt 
337 |a unmediated  |2 rdamedia 
338 |a volume  |2 rdacarrier  |b nc 
504 |a Includes bibliographical references and index. 
650 0 |a Pests  |x Control. 
650 0 |a Pesticide resistance. 
650 0 |a Pests  |x Biological control. 
700 1 |a Pimentel, David,  |d 1925- 
948 |a cataloged  |b h  |c 2004/1/28  |d c  |e bwalker  |f 1:48:02 pm 
948 |a MOVED FROM WEST CAMPUS LIBRARY REFERENCE TO MSL REF FEBRUARY 2004, ngb, 3/09/2004; moved to MSL book stacks 11/11/09 pj. 
999 f f |s f14d8b1f-754a-3085-889e-698c7303c6eb  |i 39bb0402-a544-394d-b261-32fd8e9d9e75  |t 0 
952 f f |p ric  |a Texas A&M University  |b Rellis Campus  |c Joint Library Facility  |d Remote Storage  |t 0  |e SB 950.7 E563  |h National Library of Medicine classification  |i unmediated -- volume  |k v.2  |l 2007  |m 323890272586C 
952 f f |p ric  |a Texas A&M University  |b Rellis Campus  |c Joint Library Facility  |d Remote Storage  |t 0  |e SB 950.7 E563  |h National Library of Medicine classification  |i unmediated -- volume  |k v.1  |l 2002  |m 323890272585B 
998 f f |a SB 950.7 E563  |s v.1(2002)-v.2(2007)  |t 0  |l Remote Storage